1805 1345 1779 1920 1160 1874 1393 1936 1706 1205 1602 1847 1055 1454 1265 1146 1923 1283 1828 1698 1215 1312 1784 1932 1992 1275 1101 1685 1524 1351 1418 1859 1990 1041 1344 1806 1311 1167 1366 1585 1236 1950 1982 1495 1775 1294 1344 1534 1294 1151 1315 1197 1075 1722 1464 1798 1167 1037 1382 1654 1379 1349 1100 1056 1458 1033 1164 1399 1595 1680 1428 1759 1226 1744 1327 1766 1345 1429 1999 1841 1693 1230 1104 1096 1751 1759 1255 1774 1312 1089 1915 1346 1970 1706 1261 1425 1421 1812 1285 BCNSPRNW ULIB Ver.6.0+V

เปลี่ยนเป็นภาษาไทย

Change to English
 แสดงรายละเอียดบรรณานุกรม
  กลับหน้าหลัก

Brief Record : Get Marc (ISO 2709) : E-mail record : QR code < ปิดหน้าต่าง
LEADER : 00000nam 2200000uu 4500
001    13399121921
003     ULIB
008    121213s2546||||th 000 0 tha d
020    ^a9740406157
060 04 ^aWM611^bส271ค 2546
100 0  ^aสมภพ เรืองตระกูล
245 10 ^aความผิดปกติทางเพศ /^cสมภพ เรืองตระกูล
250    ^aพิมพ์ครั้งที่ 1
260    ^aกรุงเทพฯ :^bเรือนแก้วการพิมพ์,^c2546
300    ^a260 หน้า ;^c21 ซม.
440    ^aหนังสือชุดเรียนรู้เพื่อชีวิตเพื่อครอบครัวและสังคม ;^vชุดที่ 4
650  7 ^aความผิดปกติทางเพศ
653    ^aผลงานอาจารย์คณะแพทยศาสตร์ศิริราชพยาบาล
710 2  ^aมหาวิทยาลัยมหิดล. ^bคณะแพทยศาสตร์ศิริราชพยาบาล
945    ^p240^l0^i13912
945    ^p240^l0^i15120
995    ^aทศพร
999    ^aทศพร เกษรทอง
รายการนี้ยังไม่มีแท็ก
คุณยังไม่ได้ล็อกอิน คุณสามารถมีกิจกรรมร่วมกับเว็บไซต์ได้ แต่ต้องล็อกอินก่อน ::
  ล็อกอิน

รายการสื่อสารสนเทศ

ลำดับที่ ประเภท เลขเรียก/บาร์โค้ด สถานที่ สถานะ
1. วิทยาศาสตร์การแพทย์ และสุขภาพ
วิทยาศาสตร์การแพทย์ และสุขภาพ
WM611 ส271ค 2546  
  Barcode: 13912
ห้องสมุดวิทยาเขตสวรรค์ประชารักษ์
►หนังสือทั่วไป
บนชั้น
2. วิทยาศาสตร์การแพทย์ และสุขภาพ
วิทยาศาสตร์การแพทย์ และสุขภาพ
WM611 ส271ค 2546 ฉ.1 
  Barcode: 15120
ห้องสมุดวิทยาเขตสวรรค์ประชารักษ์
►หนังสือทั่วไป
บนชั้น

รายการใกล้เคียง
    ผู้แต่ง [สมภพ เรืองตระกูล]

    หัวเรื่อง [ความผิดปกติทางเพศ]

BibComment


ยังไม่เคยถูกคอมเมนท์

คอมเมนท์ทรัพยากรรายการนี้
  คอมเมนท์: ความผิดปกติทางเพ..


 Copyright 2026. Bcnsprnw @Library